000 00583nam a2200193Ia 4500
005 20250923145446.0
008 008 250917s9999 xx 000 0 eng d
037 _aTextual
040 _aDSWL
_beng
_cDSWL
041 _aeng
_2eng
084 _aYX
_qDSWL
100 _aJaggannadham, V.Palvia
_9835535
245 0 _aProblems of Pensioners Socio-Economic Policy and Administration
_c by V. Palvia Jaggannadham
260 _aNew Delhi
_bDelhi I.I.P.A.
300 _avii,283,17 p.
700 _a V. Palvia
_9835536
942 _cTEXL
_hYX
999 _c1451594
_d1451594